[Event "Titled Tuesday intern op 13th Feb Early"]
[Site "Chess.com INT"]
[Date "2024.02.13"]
[Round "11"]
[White "Korchmar, Vasiliy"]
[Black "Jaiveer, Mahendru"]
[Result "1-0"]
[WhiteElo "2438"]
[BlackElo "2294"]
[PlyCount "79"]
[EventDate "2024.02.13"]
[EventType "swiss (blitz)"]
[EventRounds "11"]
[EventCountry "USA"]
[SourceTitle "CB08_2024"]
[SourceDate "2024.02.21"]
[SourceVersion "1"]
[SourceVersionDate "2024.02.21"]
[SourceQuality "1"]

1. Nf3 Nf6 2. g3 b6 3. Bg2 Bb7 4. 0-0 e6 5. d3 d5 6. Nbd2 Be7 7. e4 dxe4 8. Ng5 0-0 9. Ndxe4 Nxe4 10. Nxe4 Nd7 11. Nf6+ Nxf6 12. Bxb7 Rb8 13. Bg2 c5 14. a4 Qd7 15. a5 Rfd8 16. Bf4 Bd6 17. Bg5 Be5 18. axb6 Rxb6 19. Ra5 Bxb2 20. Rxc5 h6 21. Bf4 Rc8 22. Rxc8+ Qxc8 23. c4 a5 24. Qa4 Bc3 25. Rc1 Bb4 26. c5 Ra6 27. c6 Nd5 28. Bxd5 exd5 29. c7 Re6 30. Qb5 d4 31. Qd5 Bc3 32. Rb1 Bb4 33. Qxd4 Re8 34. Rc1 Ba3 35. Rc4 Kh7 36. Qd5 Qh3 37. Be3 Bb4 38. Qxf7 Rc8 39. g4 Qh4 40. Qf5+ 1-0

[Event "Titled Tuesday intern op 13th Feb Early"]
[Site "Chess.com INT"]
[Date "2024.02.13"]
[Round "5"]
[White "Korchmar, Vasiliy"]
[Black "Salman, Ilhan Serhat"]
[Result "1-0"]
[WhiteElo "2438"]
[BlackElo "2092"]
[PlyCount "59"]
[EventDate "2024.02.13"]
[EventType "swiss (blitz)"]
[EventRounds "11"]
[EventCountry "USA"]
[SourceTitle "CB08_2024"]
[SourceDate "2024.02.21"]
[SourceVersion "1"]
[SourceVersionDate "2024.02.21"]
[SourceQuality "1"]

1. e4 d5 2. exd5 Qxd5 3. Nc3 Qa5 4. d4 Nf6 5. Nf3 Bg4 6. h3 Bh5 7. g4 Bg6 8. Ne5 c6 9. h4 Nbd7 10. Nc4 Qc7 11. h5 Be4 12. Nxe4 Nxe4 13. Bg2 Nd6 14. Bf4 0-0-0 15. b4 Nb6 16. Na5 e5 17. Bxe5 f6 18. Bg3 Re8+ 19. Kf1 Qe7 20. Qf3 Ne4 21. Qf5+ Nd7 22. Bh2 Nd2+ 23. Kg1 Qxb4 24. Nxc6 bxc6 25. Bxc6 Qxd4 26. c3 g6 27. Qb5 Qxg4+ 28. Bg3 Bc5 29. Bxd7+ Kd8 30. Bxg4 1-0